[Event "4th Lost Boys op"]
[Site "Antwerp BEL"]
[Date "1996.08.02"]
[Round "1.33"]
[White "Dutreeuw, Marc"]
[Black "Kahn, Michel"]
[Result "1-0"]
[WhiteElo "2390"]
[BlackElo "2165"]
[EventDate "1996.08.02"]
[PlyCount "102"]

1.e4 e5 2.Nf3 Nc6 3.Bb5 a6 4.Ba4 Nf6 5.O-O Be7 6.Re1 b5 7.Bb3 d6 8.c3 Na5 
9.Bc2 c5 10.a4 b4 11.cxb4 cxb4 12.d4 Qc7 13.Nbd2 O-O 14.b3 exd4 15.Bb2 Nc6
16.Rc1 Qb7 17.Nxd4 Nxd4 18.Bxd4 Bg4 19.f3 Be6 20.Bd3 Rfc8 21.Qe2 Nd7 22.
Bc4 Bg5 23.Bxe6 fxe6 24.Rxc8+ Rxc8 25.Nc4 Qc7 26.Rd1 Nc5 27.Bxc5 Qxc5+ 28.
Kh1 Be7 29.f4 Rf8 30.g3 Rd8 31.Qg4 Kf7 32.Qf3 g6 33.Rf1 Rf8 34.Qd3 Kg7 35.
h3 h5 36.Rf3 Rd8 37.Rf1 Rf8 38.Rd1 Rd8 39.Rf1 Rf8 40.Qe2 Re8 41.f5 Bf6 42.
fxg6 Kxg6 43.e5 dxe5 44.Qe4+ Kg7 45.Qf3 Rf8 46.Qxh5 Qd4 47.Qe2 e4 48.Rd1 
Qc5 49.Rf1 Bc3 50.Qg4+ Kh6 51.Qxe6+ Kg7 1-0

[Event "4th Lost Boys op"]
[Site "Antwerp BEL"]
[Date "1996.08.02"]
[Round "1.34"]
[White "Ten Berge, Hans J. M."]
[Black "Eliet, Nicolas"]
[Result "0-1"]
[WhiteElo "2165"]
[BlackElo "2380"]
[EventDate "1996.08.02"]
[PlyCount "98"]

1.e4 Nf6 2.e5 Nd5 3.d4 d6 4.Nf3 Nb6 5.a4 a5 6.Nc3 g6 7.Bf4 Bg7 8.Bb5+ c6 
9.Be2 Bf5 10.O-O O-O 11.Re1 Na6 12.Qd2 Nb4 13.Rac1 Qd7 14.b3 Rad8 15.exd6 
exd6 16.Bf1 Rfe8 17.h3 Rxe1 18.Nxe1 Re8 19.Be3 Qc7 20.Nd3 N4d5 21.Nd1 Nc8 
22.Nf4 Nxe3 23.Nxe3 Bd7 24.c4 Qb6 25.Ne2 Bh6 26.Rc3 Ne7 27.Ng3 Nf5 28.
Ngxf5 Bxf5 29.Qd1 Bc8 30.Be2 Bg7 31.Rd3 Qd8 32.Bf3 Qg5 33.Kh1 Qh4 34.Qd2 
Bxh3 35.gxh3 Qxh3+ 36.Kg1 Qxf3 37.Qxa5 Qe4 38.Qd2 h5 39.b4 Bh6 40.a5 h4 
41.Qd1 h3 42.Qf1 Qh4 43.Nd1 h2+ 44.Kh1 Kg7 45.Ne3 Rh8 46.Qg2 Bxe3 47.Rxe3 
Qxd4 48.Rh3 Rxh3 49.Qxh3 Qxc4 0-1

[Event "4th Lost Boys op"]
[Site "Antwerp BEL"]
[Date "1996.08.02"]
[Round "1.35"]
[White "Grooten, Herman"]
[Black "Wiese, Hans-Joachim"]
[Result "1-0"]
[WhiteElo "2375"]
[BlackElo "2165"]
[EventDate "1996.08.02"]
[PlyCount "77"]

1.d4 Nf6 2.c4 e6 3.Nf3 b6 4.a3 Bb7 5.Nc3 Be7 6.d5 d6 7.e4 e5 8.g3 a5 9.b3 
O-O 10.Bh3 Ba6 11.Qc2 Bc8 12.Bxc8 Qxc8 13.O-O Nh5 14.Ne1 Qh3 15.f3 Na6 16.
Qg2 Qd7 17.Be3 Kh8 18.Rb1 g6 19.f4 exf4 20.Bd4+ Bf6 21.Bxf6+ Nxf6 22.gxf4 
Rae8 23.Nd3 Nc5 24.Nxc5 bxc5 25.Rbe1 Nh5 26.e5 Ng7 27.Ne4 Nh5 28.Kh1 Qd8 
29.Re3 f6 30.e6 Re7 31.Rh3 Rg7 32.Qd2 Qa8 33.f5 Qe8 34.Qh6 Kg8 35.Rxh5 
gxh5 36.Nxf6+ Rxf6 37.Qxf6 c6 38.Qxg7+ Kxg7 39.f6+ 1-0

[Event "4th Lost Boys op"]
[Site "Antwerp BEL"]
[Date "1996.08.02"]
[Round "1.36"]
[White "Tagnon, Nicole"]
[Black "Delemarre, Jop"]
[Result "0-1"]
[WhiteElo "2145"]
[BlackElo "2360"]
[EventDate "1996.08.02"]
[PlyCount "50"]

1.e4 c6 2.d4 d5 3.e5 Bf5 4.Nc3 Qb6 5.Nf3 e6 6.Be2 Nd7 7.O-O Ne7 8.b3 Bg4 
9.Na4 Qc7 10.c4 dxc4 11.bxc4 Nf5 12.Bb2 Be7 13.Qb3 O-O 14.Rfd1 f6 15.d5 
fxe5 16.dxe6 Nc5 17.Nxc5 Bxc5 18.Bxe5 Qe7 19.Re1 Bxf2+ 20.Kxf2 Qc5+ 21.Kf1
Ne3+ 22.Kg1 Bxf3 23.Bxf3 Ng4+ 24.Kh1 Nf2+ 25.Kg1 Nh3+ 0-1

[Event "4th Lost Boys op"]
[Site "Antwerp BEL"]
[Date "1996.08.03"]
[Round "2.3"]
[White "Van Wely, Loek"]
[Black "Grooten, Herman"]
[Result "1/2-1/2"]
[WhiteElo "2605"]
[BlackElo "2375"]
[EventDate "1996.08.02"]
[PlyCount "115"]

1.d4 Nf6 2.c4 e6 3.Nf3 b6 4.a3 Ba6 5.Qc2 Bb7 6.Nc3 c5 7.e4 cxd4 8.Nxd4 d6 
9.Be2 Nbd7 10.Be3 a6 11.O-O-O Rc8 12.f4 Qc7 13.g4 e5 14.Nf5 g6 15.Ng3 exf4
16.Bxf4 Ne5 17.Bxe5 Bh6+ 18.Kb1 dxe5 19.Nd5 Bxd5 20.exd5 O-O 21.h4 Bf4 22.
Qc3 Rfd8 23.Qf3 b5 24.g5 e4 25.Nxe4 Nxe4 26.Qxe4 Re8 27.Qf3 bxc4 28.d6 
Bxd6 29.Rc1 Rb8 30.Bxc4 Be5 31.Bb3 Qa7 32.Rc2 a5 33.Rf1 Re7 34.Re2 Qd4 35.
Bxf7+ Kg7 36.Bb3 Reb7 37.Rd1 Rxb3 38.Rxd4 Rxf3 39.Rd7+ Kg8 40.Rxe5 Rf2 41.
Rxa5 Rfxb2+ 42.Kc1 Rh2 43.Ra4 Rc8+ 44.Kd1 Rb8 45.Rd2 Rxd2+ 46.Kxd2 Rb3 47.
Ra8+ Kf7 48.a4 Rh3 49.Ra7+ Kg8 50.a5 Rxh4 51.a6 Ra4 52.Kc3 Kh8 53.Kb3 Ra1 
54.Kb4 h6 55.gxh6 g5 56.Kb5 Rb1+ 57.Kc4 Rb6 58.Kc5 1/2-1/2

[Event "4th Lost Boys op"]
[Site "Antwerp BEL"]
[Date "1996.08.03"]
[Round "2.4"]
[White "Eliet, Nicolas"]
[Black "Ljubojevic, Ljubomir"]
[Result "1/2-1/2"]
[WhiteElo "2380"]
[BlackElo "2595"]
[EventDate "1996.08.02"]
[PlyCount "61"]

1.d4 Nf6 2.Bg5 e6 3.Nf3 d5 4.e3 Be7 5.Nbd2 b6 6.c3 Bb7 7.Bd3 Nbd7 8.Qb1 c5
9.O-O Qc7 10.Re1 h6 11.Bf4 Bd6 12.Bxd6 Qxd6 13.e4 dxe4 14.Nxe4 Qc7 15.Qc2 
O-O 16.dxc5 bxc5 17.Nxf6+ Nxf6 18.Ne5 Rfd8 19.Bc4 Rd6 20.Rad1 Be4 21.Bd3 
Bd5 22.Nc4 Bxc4 23.Bxc4 Rad8 24.Be2 a5 25.Rxd6 Rxd6 26.Rd1 g5 27.g3 Kg7 
28.a3 Rxd1+ 29.Qxd1 Qe5 30.Qd3 g4 31.b4 1/2-1/2

[Event "4th Lost Boys op"]
[Site "Antwerp BEL"]
[Date "1996.08.03"]
[Round "2.5"]
[White "Vaganian, Rafael"]
[Black "Giddins, Stephen"]
[Result "0-1"]
[WhiteElo "2595"]
[BlackElo "2345"]
[EventDate "1996.08.02"]
[PlyCount "76"]

1.Nf3 Nf6 2.c4 e6 3.Nc3 c5 4.g3 b6 5.Bg2 Bb7 6.O-O a6 7.Re1 Be7 8.e4 d6 9.
d4 cxd4 10.Nxd4 Qc7 11.Be3 O-O 12.Rc1 Re8 13.f4 Bf8 14.g4 g6 15.g5 Nfd7 
16.b3 Bg7 17.Nde2 Nc6 18.Qd2 Nc5 19.Red1 Rad8 20.Ng3 Qb8 21.Rb1 Ba8 22.b4 
Nd7 23.a3 b5 24.cxb5 axb5 25.Rbc1 Nb6 26.Nxb5 d5 27.e5 Nc4 28.Rxc4 dxc4 
29.Nd6 Nxe5 30.Bxa8 c3 31.Qc2 Rxd6 32.Rxd6 Nc4 33.Ra6 Nxe3 34.Qe4 c2 35.
Ne2 Qb5 36.Qxe3 Qxa6 37.Bf3 Rd8 38.Kg2 Bb2 0-1

[Event "4th Lost Boys op"]
[Site "Antwerp BEL"]
[Date "1996.08.03"]
[Round "2.6"]
[White "Delemarre, Jop"]
[Black "Lobron, Eric"]
[Result "1/2-1/2"]
[WhiteElo "2360"]
[BlackElo "2585"]
[EventDate "1996.08.02"]
[PlyCount "90"]

1.d4 Nf6 2.c4 e6 3.Nf3 Bb4+ 4.Bd2 a5 5.g3 b6 6.Bg2 Ba6 7.Qc2 O-O 8.O-O c5 
9.Bf4 cxd4 10.Nxd4 d5 11.cxd5 Nxd5 12.Rd1 Nd7 13.Bxd5 exd5 14.Qf5 Re8 15.
a3 Bc5 16.Nc3 Bxd4 17.Rxd4 Qf6 18.Rxd5 Qxf5 19.Rxf5 Bxe2 20.Nxe2 Rxe2 21.
Rd1 Nc5 22.b4 axb4 23.axb4 Ne6 24.Be3 Rb2 25.Rb5 Ra4 26.Bc5 bxc5 27.Rb8+ 
Nf8 28.Rdd8 g6 29.Rxf8+ Kg7 30.bxc5 Rc2 31.Rg8+ Kh6 32.Rb6 f5 33.Rb1 Raa2 
34.Rf1 Rxc5 35.Kg2 Rcc2 36.h4 Kh5 37.Rg7 h6 38.Kf3 Rc3+ 39.Kg2 Rcc2 40.Kf3
Ra3+ 41.Kg2 Rb3 42.Rd1 Rbb2 43.Rf1 Rd2 44.Rg8 Rd6 45.Rc1 Rdd2 1/2-1/2

[Event "4th Lost Boys op"]
[Site "Antwerp BEL"]
[Date "1996.08.03"]
[Round "2.7"]
[White "Overeem, Marc"]
[Black "Piket, Jeroen"]
[Result "0-1"]
[WhiteElo "2330"]
[BlackElo "2580"]
[EventDate "1996.08.02"]
[PlyCount "79"]

1.c4 e5 2.Nc3 d6 3.Nf3 f5 4.d4 e4 5.Ng5 Be7 6.Nh3 c6 7.g3 Nf6 8.Bg2 O-O 9.
O-O Kh8 10.d5 Na6 11.f3 cxd5 12.cxd5 Qb6+ 13.Kh1 Bd7 14.Nf4 exf3 15.exf3 
Rae8 16.Re1 Bd8 17.Ne6 Bxe6 18.dxe6 Nc7 19.Bf4 Rxe6 20.Rxe6 Nxe6 21.Bxd6 
Re8 22.Na4 Qf2 23.Qg1 Qe2 24.Qd1 Qe3 25.Qg1 Qh6 26.Re1 b5 27.Nc5 Bb6 28.b4
Qd2 29.Rd1 Qxa2 30.Qf1 Ng5 31.Bf4 h6 32.Rd2 Qc4 33.Qxc4 bxc4 34.h4 Bxc5 
35.bxc5 Ne6 36.Bd6 c3 37.Rc2 Nd5 38.f4 Nd4 39.Rc1 Ne2 40.Bxd5 0-1

[Event "4th Lost Boys op"]
[Site "Antwerp BEL"]
[Date "1996.08.03"]
[Round "2.8"]
[White "Shchekachev, Andrei"]
[Black "Wirschell, Taco"]
[Result "0-1"]
[WhiteElo "2560"]
[BlackElo "2325"]
[EventDate "1996.08.02"]
[PlyCount "60"]

1.Nf3 d5 2.c4 e6 3.d4 c6 4.Qc2 Nf6 5.g3 Be7 6.Bg2 O-O 7.O-O Nbd7 8.Rd1 b6 
9.Nc3 Ba6 10.b3 Rc8 11.e4 dxc4 12.Qe2 b5 13.bxc4 b4 14.Na4 c5 15.e5 Nd5 
16.a3 N7b6 17.Nxb6 Qxb6 18.axb4 cxb4 19.Nd2 Nc3 20.Qg4 Nxd1 21.c5 Nxf2 22.
Kxf2 Bxc5 23.Nf3 f5 24.exf6 Rxf6 25.dxc5 Rxc5 26.Qd4 Rxf3+ 27.Bxf3 Rc2+ 
28.Ke3 Rc3+ 29.Ke4 Bb7+ 30.Ke5 Rc5+ 0-1

[Event "4th Lost Boys op"]
[Site "Antwerp BEL"]
[Date "1996.08.03"]
[Round "2.10"]
[White "Ye Rongguang"]
[Black "Van Blitterswijk, Stefan"]
[Result "1-0"]
[WhiteElo "2490"]
[BlackElo "2320"]
[EventDate "1996.08.02"]
[PlyCount "69"]

1.c4 Nf6 2.Nc3 c5 3.e4 Nc6 4.g3 g6 5.Bg2 Bg7 6.Nge2 O-O 7.O-O d6 8.a3 Ne8 
9.Rb1 Nc7 10.b4 Ne6 11.d3 Rb8 12.Be3 b6 13.f4 Ned4 14.b5 Nxe2+ 15.Nxe2 Nd4
16.Nxd4 cxd4 17.Bd2 e5 18.Bb4 f6 19.a4 Qe7 20.Qb3 Kh8 21.Qa3 Rd8 22.a5 Kg8
23.Rb2 Bf8 24.Rbf2 Bg7 25.fxe5 fxe5 26.Rf7 Qxf7 27.Rxf7 Kxf7 28.Bxd6 Rb7 
29.c5 Kg8 30.cxb6 axb6 31.a6 Rf7 32.a7 Bb7 33.Bh3 Kh8 34.Be6 Rf3 35.Bd5 
1-0

[Event "4th Lost Boys op"]
[Site "Antwerp BEL"]
[Date "1996.08.03"]
[Round "2.11"]
[White "Tulchinsky, Mikhail"]
[Black "Miezis, Normunds"]
[Result "0-1"]
[WhiteElo "2320"]
[BlackElo "2530"]
[EventDate "1996.08.02"]
[PlyCount "58"]

1.d4 Nf6 2.c4 c5 3.d5 e6 4.Nc3 exd5 5.cxd5 Bd6 6.Nf3 Bc7 7.Bg5 d6 8.e3 O-O
9.Bd3 a6 10.a4 Bg4 11.Qc2 h6 12.Bh4 Nbd7 13.Nd2 Ne5 14.f4 Nxd3+ 15.Qxd3 
Re8 16.O-O Bd7 17.Rf3 Ba5 18.e4 b5 19.e5 Qb6 20.Kh1 c4 21.Qc2 dxe5 22.fxe5
Ng4 23.Rxf7 Nxe5 24.Rff1 Nd3 25.axb5 axb5 26.Nde4 b4 27.Qd1 Qg6 28.Rf6 
gxf6 29.Nxf6+ Qxf6 0-1

[Event "4th Lost Boys op"]
[Site "Antwerp BEL"]
[Date "1996.08.03"]
[Round "2.12"]
[White "Nijboer, Friso"]
[Black "Donk, Merlijn Silvester"]
[Result "1/2-1/2"]
[WhiteElo "2525"]
[BlackElo "2315"]
[EventDate "1996.08.02"]
[PlyCount "62"]

1.e4 c5 2.Nf3 e6 3.d4 cxd4 4.Nxd4 a6 5.Bd3 Nf6 6.O-O Qc7 7.Qe2 d6 8.c4 g6 
9.Nc3 Bg7 10.Nf3 Nbd7 11.Bf4 Nh5 12.Be3 O-O 13.Rac1 b6 14.Rfd1 Bb7 15.Bb1 
Rfd8 16.Bg5 Re8 17.Qd2 Bf8 18.Bh6 Be7 19.Nd4 Ne5 20.h3 Rac8 21.b3 Qb8 22.
Be3 Nd7 23.Nde2 Qa8 24.Bg5 Bf8 25.Bh6 Be7 26.Bg5 Bf8 27.Re1 Qb8 28.Nd4 Rc5
29.Be3 Rcc8 30.f4 Qa8 31.Bf2 Nc5 1/2-1/2

[Event "4th Lost Boys op"]
[Site "Antwerp BEL"]
[Date "1996.08.03"]
[Round "2.13"]
[White "Vanderwaeren, Serge"]
[Black "Suba, Mihai"]
[Result "0-1"]
[WhiteElo "2315"]
[BlackElo "2520"]
[EventDate "1996.08.02"]
[PlyCount "100"]

1.e4 c5 2.d4 cxd4 3.c3 dxc3 4.Nxc3 Nc6 5.Bc4 e6 6.Nf3 a6 7.O-O Nge7 8.Bg5 
h6 9.Be3 d6 10.Qe2 Ng6 11.Rfd1 Bd7 12.b4 Rc8 13.Qb2 Qf6 14.Bf1 Be7 15.Qb3 
O-O 16.Na4 Nce5 17.Nxe5 Bxa4 18.Qxa4 Qxe5 19.b5 axb5 20.Bxb5 Bg5 21.Bb6 
Ra8 22.Qb3 Rfc8 23.a4 Bf6 24.Bd4 Qxe4 25.Bxf6 gxf6 26.Rxd6 Qe5 27.Rad1 Rc3
28.Qb4 Rac8 29.Bf1 R8c7 30.Rd8+ Kg7 31.Rb8 Rc1 32.Rbd8 Qa1 33.Qd4 Rxd1 34.
Qxd1 Rc1 35.Qd3 Qxa4 36.Rd7 b5 37.Rb7 Qc4 38.Rd7 Qxd3 39.Rxd3 Ne5 40.Rd4 
Nc6 41.Rd3 b4 42.f4 Na5 43.Kf2 b3 44.Rd2 Rxf1+ 45.Kxf1 Nc4 46.Ke2 Nxd2 47.
Kxd2 Kg6 48.g4 f5 49.h3 fxg4 50.hxg4 f5 0-1

[Event "4th Lost Boys op"]
[Site "Antwerp BEL"]
[Date "1996.08.03"]
[Round "2.14"]
[White "Van der Sterren, Paul"]
[Black "Quist, Johan"]
[Result "1-0"]
[WhiteElo "2510"]
[BlackElo "2310"]
[EventDate "1996.08.02"]
[PlyCount "74"]

1.Nf3 c5 2.g3 Nc6 3.Bg2 g6 4.d4 cxd4 5.Nxd4 Bg7 6.Nb3 Nf6 7.Nc3 O-O 8.O-O 
d6 9.e4 Bg4 10.f3 Be6 11.Nd5 Bd7 12.c3 Nxd5 13.exd5 Na5 14.Nxa5 Qxa5 15.
Be3 b5 16.Qd2 Bf6 17.h4 h5 18.Rfe1 Rfe8 19.Kh2 Rac8 20.a3 Qc7 21.Bg5 Bxg5 
22.Qxg5 Qd8 23.Rad1 Rc5 24.Qh6 a5 25.Bf1 Bc8 26.Rd4 e5 27.dxe6 Rxe6 28.
Rxe6 Bxe6 29.Qd2 Qf6 30.Rxd6 g5 31.hxg5 Rxg5 32.Qd4 Qxd4 33.cxd4 Bc4 34.
Bxc4 bxc4 35.a4 Kh7 36.Kh3 Rg8 37.Rd5 Rb8 1-0

[Event "4th Lost Boys op"]
[Site "Antwerp BEL"]
[Date "1996.08.03"]
[Round "2.15"]
[White "Tondivar, Babak"]
[Black "Wells, Peter"]
[Result "1/2-1/2"]
[WhiteElo "2305"]
[BlackElo "2475"]
[EventDate "1996.08.02"]
[PlyCount "46"]

1.e4 c5 2.Nf3 Nc6 3.d4 cxd4 4.Nxd4 Nf6 5.Nc3 d6 6.Be2 g6 7.Be3 Bg7 8.Qd2 
O-O 9.O-O-O d5 10.Nxc6 bxc6 11.exd5 Nxd5 12.Nxd5 cxd5 13.Qxd5 Qxd5 14.Rxd5
Bb7 15.Rd7 Bxg2 16.Rg1 Bc6 17.Rxe7 Bd5 18.Rxa7 Bxa2 19.Rd1 Be6 20.Rxa8 
Rxa8 21.Kb1 Ba2+ 22.Kc1 Be6 23.Kb1 Ba2+ 1/2-1/2

[Event "4th Lost Boys op"]
[Site "Antwerp BEL"]
[Date "1996.08.03"]
[Round "2.16"]
[White "Barsov, Alexei"]
[Black "Roofthoofd, Marcel"]
[Result "1-0"]
[WhiteElo "2475"]
[BlackElo "2295"]
[EventDate "1996.08.02"]
[PlyCount "49"]

1.d4 Nf6 2.c4 e5 3.dxe5 Ng4 4.Bf4 Nc6 5.Nf3 Bb4+ 6.Nc3 Bxc3+ 7.bxc3 Qe7 8.
Qd5 f6 9.exf6 Nxf6 10.Qd3 d6 11.g3 Ne4 12.Bg2 Nc5 13.Qe3 O-O 14.Nd4 Ne5 
15.Nb3 Ncd7 16.c5 Nf6 17.O-O Kh8 18.Na5 Nfg4 19.cxd6 cxd6 20.Qd4 Qc7 21.
Qb4 Bd7 22.Rad1 Rad8 23.h3 b6 24.hxg4 bxa5 25.Qxd6 1-0

[Event "4th Lost Boys op"]
[Site "Antwerp BEL"]
[Date "1996.08.03"]
[Round "2.17"]
[White "Van Mechelen, Jan"]
[Black "Kogan, Artur"]
[Result "0-1"]
[WhiteElo "2300"]
[BlackElo "2475"]
[EventDate "1996.08.02"]
[PlyCount "102"]

1.e4 c5 2.c3 b6 3.d4 Bb7 4.Bd3 Nf6 5.Nd2 cxd4 6.cxd4 Nc6 7.Ngf3 Nb4 8.Bb1 
Ba6 9.Ne5 Qc7 10.a3 Nc6 11.Nxc6 Qxc6 12.f3 Rc8 13.Kf2 e5 14.Nb3 Bd6 15.Be3
O-O 16.d5 Qb5 17.Re1 Rc7 18.Kg1 Rfc8 19.Bf2 Bf8 20.Re3 Qa4 21.Bd3 Bxd3 22.
Rxd3 Rc2 23.Rb1 Qb5 24.Be1 Ne8 25.a4 Qc4 26.Rc3 Rxc3 27.Bxc3 f6 28.Nc1 
Bc5+ 29.Kh1 Nd6 30.Ne2 Be3 31.b3 Qa6 32.Bb4 Bc5 33.Bc3 Be3 34.Bb4 Nf7 35.
Nc3 Bc5 36.Bxc5 bxc5 37.Nb5 Qa5 38.Qe1 Qxe1+ 39.Rxe1 a6 40.Nc3 Rb8 41.Rb1 
Nd6 42.Kg1 f5 43.Kf2 Rb4 44.Ke3 Kf7 45.g3 g5 46.g4 fxg4 47.fxg4 Nb7 48.Kd3
Na5 49.Kc2 Rb6 50.Rb2 Rh6 51.Kd3 Rh3+ 0-1

[Event "4th Lost Boys op"]
[Site "Antwerp BEL"]
[Date "1996.08.03"]
[Round "2.18"]
[White "Van Schaardenburg, Mark"]
[Black "Van den Doel, Erik"]
[Result "0-1"]
[WhiteElo "2295"]
[BlackElo "2440"]
[EventDate "1996.08.02"]
[PlyCount "90"]

1.e4 c5 2.Nc3 Nc6 3.f4 g6 4.Nf3 Bg7 5.Bc4 e6 6.f5 Nge7 7.fxe6 dxe6 8.d3 
O-O 9.O-O Nd4 10.Kh1 Nec6 11.Bg5 f6 12.Bf4 Na5 13.Nd2 Nxc4 14.Nxc4 b5 15.
Ne3 f5 16.exf5 exf5 17.Ncd5 g5 18.Bc7 Qd7 19.c4 f4 20.Nc2 Bb7 21.Ba5 b4 
22.Nxd4 Bxd4 23.Qh5 Rf5 24.Rae1 Bxd5 25.cxd5 Raf8 26.Re4 Rxd5 27.Rfe1 Qf7 
28.Qf3 Rd7 29.Re6 Be3 30.Qc6 Rxd3 31.Bc7 Rc8 32.Qe4 Rd4 33.Qe5 Rd7 34.
Qxg5+ Qg7 35.Qxg7+ Kxg7 36.Be5+ Kg8 37.Rf6 Rf8 38.Rxf8+ Kxf8 39.g3 f3 40.
h4 f2 41.Rf1 Rd2 42.Kg2 c4 43.Kf3 Bc5 44.g4 Kf7 45.h5 c3 0-1

[Event "4th Lost Boys op"]
[Site "Antwerp BEL"]
[Date "1996.08.03"]
[Round "2.19"]
[White "Claesen, Jeroen"]
[Black "Van Riemsdijk, Herman Claudius"]
[Result "1/2-1/2"]
[WhiteElo "2285"]
[BlackElo "2425"]
[EventDate "1996.08.02"]
[PlyCount "65"]

1.e4 e5 2.Nf3 Nc6 3.c3 d5 4.Bb5 Qd6 5.d4 exd4 6.e5 Qc5 7.Nxd4 Bd7 8.Bxc6 
bxc6 9.O-O Ne7 10.Re1 Ng6 11.Qe2 Be7 12.b4 Qb6 13.e6 fxe6 14.Nxe6 Bxe6 15.
Qxe6 Rf8 16.Be3 Qb7 17.Nd2 Rf6 18.Qh3 h6 19.Bd4 Rf7 20.Qg4 Nf4 21.Bxg7 h5 
22.Qg3 O-O-O 23.Be5 Bd6 24.Nb3 Bxe5 25.Rxe5 Qb5 26.Nd4 Qc4 27.Ne6 Nxe6 28.
Rxe6 Rdf8 29.Rf1 Kb7 30.a4 d4 31.Re4 Qxc3 32.Qxc3 dxc3 33.f4 1/2-1/2

[Event "4th Lost Boys op"]
[Site "Antwerp BEL"]
[Date "1996.08.03"]
[Round "2.20"]
[White "Polaczek, Richard"]
[Black "Henris, Luc"]
[Result "1-0"]
[WhiteElo "2420"]
[BlackElo "2280"]
[EventDate "1996.08.02"]
[PlyCount "159"]

1.d4 f5 2.g3 Nf6 3.Bg2 g6 4.Nf3 Bg7 5.O-O O-O 6.b3 d6 7.Bb2 Ne4 8.Nbd2 
Nxd2 9.Qxd2 Nc6 10.Rad1 Qe8 11.Ba3 e6 12.c4 a5 13.d5 Nb4 14.dxe6 Bxe6 15.
Bb2 Nc6 16.Bxg7 Kxg7 17.Nd4 Bd7 18.Nb5 Rc8 19.c5 Qe5 20.Qc3 Rf6 21.f4 Qxc3
22.Nxc3 Be8 23.cxd6 cxd6 24.Nd5 Re6 25.Rd2 Ne7 26.Nb6 Rc7 27.Rfd1 Bc6 28.
Bxc6 Nxc6 29.Kf2 Nb4 30.Nd5 Nxd5 31.Rxd5 Rc2 32.R1d2 Rxd2 33.Rxd2 a4 34.
Rd5 axb3 35.axb3 Kf8 36.Rb5 Re7 37.Rb6 Rd7 38.Ke3 Ke7 39.Kd4 Ke6 40.Rb4 
Rc7 41.Rc4 Rc6 42.h3 h5 43.Rb4 Rc7 44.Kd3 Rc1 45.Ke3 Rc7 46.Kf3 Kd5 47.e3 
Ke6 48.Rb6 Kd5 49.Rb4 Ke6 50.g4 hxg4+ 51.hxg4 Kd5 52.Rd4+ Ke6 53.Rb4 Kd5 
54.g5 Re7 55.Ke2 Kc6 56.Rc4+ Kd7 57.Kd3 Re8 58.Rc1 Rb8 59.Ra1 Kc6 60.Kd4 
Re8 61.Rc1+ Kd7 62.Rh1 Kc6 63.Rh7 Re4+ 64.Kd3 Rb4 65.Kc3 Re4 66.Kd2 Rb4 
67.Rg7 Rxb3 68.Rxg6 Kd5 69.Rf6 Ra3 70.Rxf5+ Ke4 71.Rf7 Ra2+ 72.Kc1 Kxe3 
73.g6 Rg2 74.f5 Ke4 75.g7 Rg1+ 76.Kc2 d5 77.f6 Rg2+ 78.Kb3 Rg3+ 79.Kb4 d4 
80.Re7+ 1-0

[Event "4th Lost Boys op"]
[Site "Antwerp BEL"]
[Date "1996.08.03"]
[Round "2.21"]
[White "Van Beers, Eddy"]
[Black "Blees, Albert"]
[Result "1-0"]
[WhiteElo "2275"]
[BlackElo "2415"]
[EventDate "1996.08.02"]
[PlyCount "95"]

1.e4 c5 2.c3 d5 3.exd5 Qxd5 4.d4 Nf6 5.Be3 cxd4 6.cxd4 e5 7.Nc3 Bb4 8.Ne2 
Nc6 9.a3 exd4 10.axb4 dxc3 11.bxc3 O-O 12.Nf4 Qe5 13.Qc1 Ng4 14.b5 Ne7 15.
Be2 Ng6 16.Nxg6 hxg6 17.Bd4 Qe7 18.Qa3 Qh4 19.Bxg4 Bxg4 20.O-O Be2 21.Rfb1
Bd3 22.Rb4 Qh5 23.c4 a5 24.bxa6 Be4 25.a7 Rfd8 26.c5 Bc6 27.f3 g5 28.h3 
Qg6 29.Qe3 Re8 30.Qd2 Rad8 31.Rab1 Qf5 32.Re1 b5 33.cxb6 Rxe1+ 34.Qxe1 Qb5
35.Qe5 Qxe5 36.Bxe5 f6 37.Bb8 Ba8 38.Rb1 Rd7 39.Rc1 Kf8 40.Bc7 Ke7 41.Re1+
Kf7 42.Rb1 Bb7 43.Ra1 Ba8 44.Rc1 Ke7 45.Kf1 Rd5 46.Bg3 Kd8 47.Rc7 Rb5 48.
Rxg7 1-0

[Event "4th Lost Boys op"]
[Site "Antwerp BEL"]
[Date "1996.08.03"]
[Round "2.22"]
[White "Bosboom, Manuel"]
[Black "De Jager, Jaap"]
[Result "1/2-1/2"]
[WhiteElo "2410"]
[BlackElo "2205"]
[EventDate "1996.08.02"]
[PlyCount "61"]

1.d4 Nf6 2.c4 c6 3.Nc3 d5 4.Nf3 dxc4 5.a4 Bf5 6.Ne5 e6 7.f3 Bb4 8.e4 Bxe4 
9.fxe4 Nxe4 10.Bd2 Qxd4 11.Nxe4 Qxe4+ 12.Qe2 Bxd2+ 13.Kxd2 Qd5+ 14.Kc2 Na6
15.Nxc4 O-O-O 16.Qf2 Nc5 17.b3 Rd7 18.a5 Rhd8 19.Re1 f6 20.h4 e5 21.Rh3 
Kb8 22.Rhe3 Ne6 23.Kb2 Nd4 24.g4 Qc5 25.g5 Nb5 26.R3e2 Qb4 27.Rc2 Nd4 28.
Rc3 Nb5 29.Rc2 Nd4 30.Rc3 Nb5 31.Rc2 1/2-1/2

[Event "4th Lost Boys op"]
[Site "Antwerp BEL"]
[Date "1996.08.03"]
[Round "2.23"]
[White "De Vreugt, Dennis"]
[Black "Lane, Gary"]
[Result "1-0"]
[WhiteElo "2265"]
[BlackElo "2405"]
[EventDate "1996.08.02"]
[PlyCount "81"]

1.e4 e5 2.Nf3 Nc6 3.Bb5 a6 4.Ba4 Nf6 5.d3 d6 6.c3 g6 7.O-O Bg7 8.Re1 O-O 
9.Nbd2 b5 10.Bb3 d5 11.a4 Rb8 12.axb5 axb5 13.exd5 Nxd5 14.Ne4 Kh8 15.Nc5 
Qd6 16.Ne4 Qd8 17.Nc5 Qd6 18.Ng5 Qxc5 19.Ne4 Nxc3 20.bxc3 Qe7 21.Be3 Qd7 
22.Bc5 Re8 23.h4 h6 24.h5 f5 25.Ng3 g5 26.Qf3 f4 27.Ne4 Rd8 28.d4 exd4 29.
Nxg5 hxg5 30.Be6 Qe8 31.Bxc8 Ne5 32.Rxe5 Bxe5 33.Bf5 Qf7 34.Bd3 dxc3 35.
Ra6 Qd5 36.Rh6+ Kg7 37.Rg6+ Kf7 38.Qg4 Bf6 39.Bc2 Rg8 40.Bb3 Rxg6 41.Qd7+ 
1-0

[Event "4th Lost Boys op"]
[Site "Antwerp BEL"]
[Date "1996.08.03"]
[Round "2.24"]
[White "Van Mil, Johannes"]
[Black "Van der Lijn, Bas"]
[Result "1/2-1/2"]
[WhiteElo "2405"]
[BlackElo "2190"]
[EventDate "1996.08.02"]
[PlyCount "44"]

1.g3 e5 2.c4 Nf6 3.Bg2 Nc6 4.Nc3 Bc5 5.e3 O-O 6.Nge2 Re8 7.a3 a5 8.O-O d6 
9.d3 Bd7 10.h3 Ne7 11.Kh2 c6 12.d4 Ba7 13.b4 exd4 14.exd4 d5 15.Bg5 dxc4 
16.Bxf6 gxf6 17.Nf4 Bf5 18.d5 Nxd5 19.Ncxd5 cxd5 20.Bxd5 Re5 21.Qf3 Rc8 
22.Rfd1 Qb6 1/2-1/2

[Event "4th Lost Boys op"]
[Site "Antwerp BEL"]
[Date "1996.08.03"]
[Round "2.25"]
[White "Steffensen, Torben"]
[Black "Visser, Yge"]
[Result "0-1"]
[WhiteElo "2050"]
[BlackElo "2395"]
[EventDate "1996.08.02"]
[PlyCount "80"]

1.d4 Nf6 2.c4 g6 3.Nc3 Bg7 4.e4 d6 5.Nf3 O-O 6.Be2 Na6 7.O-O e5 8.Re1 c6 
9.h3 Nh5 10.Bf1 Nc7 11.a3 Nf4 12.Bxf4 exf4 13.Qd2 g5 14.Rad1 h5 15.e5 d5 
16.h4 g4 17.Ng5 Ne6 18.cxd5 cxd5 19.Bd3 Bh6 20.Bb1 Kg7 21.Qd3 Rh8 22.Nxf7 
Kxf7 23.Qg6+ Kf8 24.Bf5 Qd7 25.Qxh5 Ng7 26.e6 Nxh5 27.exd7 Bxd7 28.Bxd7 
Nf6 29.Be6 Rd8 30.Re5 Bg7 31.Bxd5 Rxh4 32.Bb3 g3 33.fxg3 fxg3 34.d5 Ng4 
35.Rf1+ Kg8 36.d6+ Kh8 37.Re7 Bd4+ 38.Rf2 gxf2+ 39.Kf1 Rh1+ 40.Ke2 f1=Q+ 
0-1

[Event "4th Lost Boys op"]
[Site "Antwerp BEL"]
[Date "1996.08.03"]
[Round "2.26"]
[White "Novikov, Igor"]
[Black "Van Herck, Marcel"]
[Result "1-0"]
[WhiteElo "2585"]
[BlackElo "2195"]
[EventDate "1996.08.02"]
[PlyCount "53"]

1.d4 Nf6 2.c4 e6 3.Nf3 d5 4.Nc3 c6 5.Bg5 h6 6.Bxf6 Qxf6 7.Qb3 Be7 8.e4 
dxe4 9.Nxe4 Qf5 10.Bd3 Qa5+ 11.Ke2 Nd7 12.Rhe1 O-O 13.Kf1 e5 14.Ng3 Bb4 
15.Re2 exd4 16.Qd1 Rd8 17.a3 Bf8 18.Bc2 Nf6 19.Qd3 g6 20.Ne5 Qc7 21.Rae1 
h5 22.Nxg6 fxg6 23.Re7 Bxe7 24.Qxg6+ Kf8 25.Qh6+ Kg8 26.Nxh5 Nxh5 27.Bh7+ 
1-0

[Event "4th Lost Boys op"]
[Site "Antwerp BEL"]
[Date "1996.08.03"]
[Round "2.28"]
[White "Erwich, Frans"]
[Black "Gurevich, Mikhail"]
[Result "0-1"]
[WhiteElo "2175"]
[BlackElo "2605"]
[EventDate "1996.08.02"]
[PlyCount "42"]

1.d4 f5 2.c4 Nf6 3.Nc3 d6 4.Nf3 g6 5.Qc2 Bg7 6.e4 fxe4 7.Nxe4 O-O 8.Ng3 
Nc6 9.Bd2 Bg4 10.Bc3 Bxf3 11.gxf3 e5 12.d5 Nd4 13.Bxd4 exd4 14.O-O-O Nd7 
15.h4 Ne5 16.h5 Rxf3 17.Rxd4 Qg5+ 18.Kb1 Raf8 19.Bh3 Rxf2 20.Be6+ Kh8 21.
hxg6 Qxg6 0-1

[Event "4th Lost Boys op"]
[Site "Antwerp BEL"]
[Date "1996.08.03"]
[Round "2"]
[White "David, Alberto"]
[Black "Alkaersig, Ole"]
[Result "1-0"]
[WhiteElo "2435"]
[BlackElo "2170"]
[EventDate "1996.08.02"]
[PlyCount "81"]

1.e4 e5 2.f4 exf4 3.Nf3 d6 4.d4 g5 5.h4 g4 6.Ng1 f5 7.Bxf4 fxe4 8.Nc3 Nf6 
9.d5 Nbd7 10.Nge2 Bg7 11.Nd4 Nf8 12.Bb5+ Bd7 13.Nf5 Kf7 14.Nxg7 Kxg7 15.
O-O h6 16.Be3 Ng6 17.Bxd7 Qxd7 18.Qd4 Ne5 19.Nxe4 Nxe4 20.Qxe4 Rhf8 21.Bd4
Rxf1+ 22.Rxf1 Re8 23.Rf5 Kg8 24.Bxe5 Rxe5 25.Rxe5 dxe5 26.Qxe5 Qd8 27.Qe6+
Kh7 28.h5 Qg5 29.Qd7+ Qg7 30.Qxg7+ Kxg7 31.Kf2 Kf6 32.Ke3 Ke5 33.c4 a5 34.
b3 c6 35.d6 Kxd6 36.Kf4 b5 37.cxb5 cxb5 38.Kf5 Kd5 39.Kg6 Ke5 40.Kxh6 Kf6 
41.g3 1-0